000
00350 a2200169 4500
001
192525
020
_a
978-85-16-08486-8
040
_c
Magnum
100
_a
Govan, Nina
240
1
0
_a
Luís, o leão
_l
por
245
1
0
_a
Luís, o leão
300
_a
10
362
0
_a
2013
440
1
_a
Salamandra
697
_a
LITERATURA INFANTIL
942
_c
BK
999
_c
192525
_d
192525